Library Banner

Mahnama Tarjuman ul Quran(Vol.122 no. 1)/ (Record no. 103068)

MARC details
000 -LEADER
fixed length control field 00460nam a22001577a 4500
005 - DATE AND TIME OF LATEST TRANSACTION
control field 20180213102747.0
008 - FIXED-LENGTH DATA ELEMENTS--GENERAL INFORMATION
fixed length control field 180213b xxu||||| |||| 00| 0 eng d
040 ## - CATALOGING SOURCE
Transcribing agency PK-LaUMT
082 ## - DEWEY DECIMAL CLASSIFICATION NUMBER
Classification number PKAC 297.05
Item number ABU-M
100 ## - MAIN ENTRY--PERSONAL NAME
Personal name Abul Ala Maududi
245 ## - TITLE STATEMENT
Title Mahnama Tarjuman ul Quran(Vol.122 no. 1)/
Statement of responsibility, etc Abul Ala Maududi
260 ## - PUBLICATION, DISTRIBUTION, ETC. (IMPRINT)
Place of publication, distribution, etc لاہور:
Name of publisher, distributor, etc ادار ترجمان القرآن،
Date of publication, distribution, etc 1996
300 ## - PHYSICAL DESCRIPTION
Extent 84
700 ## - ADDED ENTRY--PERSONAL NAME
Personal name مدیر: خرم مراد
942 ## - ADDED ENTRY ELEMENTS (KOHA)
Koha item type Books
Holdings
Withdrawn status Lost status Damaged status Home library Current library Date acquired Full call number Barcode Date last seen Price effective from Koha item type Copy number
      UMT Main Campus UMT Main Campus 2018-02-13 PKAC 297.05 ABU-M 119182 2018-02-13 2018-02-13 Books  
      UMT Main Campus UMT Main Campus 2018-02-13 PKAC 297.05 ABU-M 119175 2018-02-13 2018-02-13 Books C-2